| 000 | 00343nam a2200145Ia 4500 | ||
|---|---|---|---|
| 008 | 210210b1897 xxu||||| |||| 00| 0 eng d | ||
| 041 | _aeng | ||
| 082 | _a829/970 | ||
| 100 | _aSCOTT (Sir W) | ||
| 245 | _aMonastery | ||
| 260 |
_aLondon _bAdam and Charles Black _c1897 |
||
| 650 | _aMonastery | ||
| 690 | _aEnglish Fiction | ||
| 906 | _a017585 | ||
| 999 |
_c137569 _d137569 |
||